000 01270nam a22002777a 4500
003 OSt
005 20221206104218.0
007 cr ||||||a|c|a
008 221128s2021 mx a|||fom||| 001 0 spa d
040 _erda
100 1 _9185750
_aIco Gómez, Joset Rodrigo
245 1 _aDetección de efectividad antihelmíntica para el control de trematodos (fasciola hepatica y paramfistómidos) en bovinos en el trópico húmedo de México /
_cpor Joset Rodrigo Ico Gómez, director de tesis Roberto González Garduño.
264 1 _aChapingo, México :
_bEl autor,
_c2021.
300 _a1 recurso en línea (59 páginas).
_bcuadros, figuras.
336 _2rdacontent
_atexto
_btxt
337 _2rdamedia
_acomputadora
_bc
338 _2rdacarrier
_arecurso en línea
_bcr
502 _bIAEZT
_cURUSSE
_d2021.
_gLIC
504 _aIncluye referencias bibliográficas: páginas 45-52.
650 4 _9185762
_aAntihelmínticos
_xGanado vacuno
_xAnálisis
650 4 _945500
_aGanado vacuno
_xParásitos
650 4 _9133284
_aNemátodos parásitos
_xControl
700 1 _948938
_aGonzález Garduño, Roberto
856 _uhttp://10.13.5.2/tesis/tl/2021_SE_Ico_Gomez_JosetRodrigo.pdf
_zDESCARGAR PDF
942 _2Clasificación Universidad Autónoma Chapingo
_cTD
999 _c217877
_d217877